| 000 | 01170nam a22003377a 4500 | ||
|---|---|---|---|
| 003 | CHAP | ||
| 005 | 20220329143300.0 | ||
| 008 | 080122d2004 es r 00110 spa d | ||
| 010 | _a94365 | ||
| 011 | _a95337 | ||
| 020 | _a8484762211 | ||
| 035 | _a105960 | ||
| 040 | _cCHAP | ||
| 082 | 0 | 0 |
_a631.34 _bC3 |
| 100 | 1 |
_aCastilla Prados, Nicolas. _920059 |
|
| 245 | 1 | 0 |
_aInvernaderos de plástico : _btecnología y manejo _c/por Nicolas Castilla Prados |
| 260 |
_aMadrid. : _bMundi-Prensa, _c2004 |
||
| 300 |
_a462 p. : _bilus. ; gráfs. ; tablas |
||
| 590 |
_aBATCH-UPD _b10 _c20130110 _lUCH01 _h0321 |
||
| 590 |
_aBATCH-UPD _b10 _c20130110 _lUCH01 _h1632 |
||
| 590 |
_aBATCH-UPD _b10 _c20130409 _lUCH01 _h2354 |
||
| 590 |
_aBATCH-UPD _b10 _c20130914 _lUCH01 _h0857 |
||
| 590 |
_aCONVERSION _b10 _c20130109 _lUCH01 _h1352 |
||
| 650 | 1 | 4 |
_aCultivos en invernadero. _930376 |
| 650 | 1 | 4 |
_aInvernaderos. _960172 |
| 650 | 1 | 4 |
_aPlásticos en agricultura. _989199 |
| 901 | _aBK | ||
| 942 | _cLIBRO | ||
| 949 |
_a631.34 C3 _bBC _cLIBRO _d33724002045918 _eLIBRO _h108939 _i105960 _si _t$966.00 |
||
| 949 |
_a631.34 C3 _bBC _cLIBRO _d33724002075941 _eLIBRO _fc.2 _gI.c/e _h109826 _i105960 _si _t$1080.00 |
||
| 999 |
_c94365 _d94365 |
||